000 01385pam a2200361 a 4500
001 3961149
003 OSt
005 20151015142550.0
008 940712s1994 nyuabf b 001 0beng
010 _a 94029970
020 _a0679764437
040 _aDLC
_cDLC
_dDLC
041 1 _aeng
_hchi
043 _aa-cc---
050 0 0 _aDS 778
_b.Z63 1994
082 0 0 _aIB 951.05
_bL61 1994
100 1 _aLi, Zhisui,
_d1919-
245 1 4 _aThe private life of chairman mao :
_bthe memoirs of mao's personal physician /
_cDr. Li Zhisui ; translated by Professor Tai Hung-chao ; with the editorial assistance of Anne F. Thurston ; foreword by Andrew J. Nathan.
250 _a1st ed.
260 _aNew York :
_bRandom House,
_cc1994.
300 _axxii, 682 p., [16] p. of plates :
_bill., maps ;
_c25 cm.
504 _aIncludes bibliographical references and index.
562 _eFor circulation. 1 copy available in the colleciton
600 1 0 _aMao, Zedong,
_d1893-1976.
650 0 _aHeads of state
_zChina
_vBiography.
700 1 _aThurston, Anne F.
856 4 2 _3Publisher description
_uhttp://www.loc.gov/catdir/description/random0412/94029970.html
906 _a7
_bcbc
_corignew
_d1
_eocip
_f19
_gy-gencatlg
942 _2lcc
_cBK
987 _aPINYIN
_bDLC
_c20020627
_dc
999 _c2367
_d2367